Εισαγωγή στον προγραμματισμό με την C : τεχνικές δομημένου προγραμματισμού

Saved in:
Bibliographic Details
Main Author: Μισυρλής, Νίκος
Format: Book
Language:Greek
Published: Αθήνα : Ν.Μισυρλής, c2002.
Subjects:
Tags: Add Tag
No Tags, Be the first to tag this record!

MARC

LEADER 00000cam a2200000 i 4500
001 1/29752
008 021127s2002 gr | ||| |||| ||gre||
020 |a 9609203108 
035 |l 10068858 
040 |a GR-MyUA  |b gre  |e AACR2 
041 0 |a gre 
082 0 |a 005.133 
100 1 |a Μισυρλής, Νίκος. 
245 1 0 |a Εισαγωγή στον προγραμματισμό με την C :   |b τεχνικές δομημένου προγραμματισμού /   |c Νικόλαος Μισυρλής.  
260 |a Αθήνα :   |b Ν.Μισυρλής,   |c c2002.  
300 |a 328 σ. ;   |c 24 εκ.  
504 |a Περιέχει βιβλιογραφικές αναφορές.  
650 0 0 |a Programming languages (Electronic computers) 
650 0 0 |a C (Computer program language) 
852 |a INST  |b SAMOS  |e 20021127  |h 005.133 ΜΙΣ  |p 005300024354  |q 005300024354  |t BK  |y 23 
852 |a INST  |b SAMOS  |e 20021127  |h 005.133 ΜΙΣ  |p 005300024355  |q 005300024355  |t BK  |y 0 
852 |a INST  |b SAMOS  |e 20021127  |h 005.133 ΜΙΣ  |p 005300024356  |q 005300024356  |t BK  |y 0 
852 |a INST  |b SAMOS  |e 20021127  |h 005.133 ΜΙΣ  |p 005300024357  |q 005300024357  |t BK  |y 0 
852 |a INST  |b SAMOS  |e 20080124  |h 005.133 ΜΙΣ  |p 005300027060  |q 005300027060  |t BK  |y 0 
901 |a BIBL3-2008-1 
901 |a BIBL3-2002-3 
909 |a Σ  |b 134376 
909 |a Σ  |b 087696 
909 |a Σ  |b 087697 
909 |a Σ  |b 087698 
909 |a Σ  |b 087699 
970 |a ΠΟΥΡΝΑΡΑΣ  |b ΔΗΜΗΤΡΗΣ  |z 2002/11/27